LEADER 00941nam0-2200301 --450 001 9910489544703321 005 20210729150113.0 010 $a978-88-575-6421-0 100 $a20210729d2020----kmuy0itay5050 ba 101 1 $aita$cfre 102 $aIT 105 $aa 001yy 200 1 $a6: Popoli in lacrime, popoli in armi$el'occhio nella storia$fGeorges Didi-Huberman$ga cura di Renato Boccali 210 $aMilano$aUdine$cMimesis$d2020 215 $a460 p.$cill.$d21 cm 225 1 $aMimesis. Macula$v9 320 $aContiene nota bibl. (pag. 455) 610 0 $aImmagini$aFilosofia 676 $a701$v23$zita 700 1$aDidi-Huberman,$bGeorges$f<1953- >$0221677 702 1$aBoccali,$bRenato 801 0$aIT$bUNINA$gREICAT$2UNIMARC 901 $aBK 912 $a9910489544703321 952 $aCOLLEZ. 2822 (9)$b1065/2021$fFSPBC 959 $aFSPBC 996 $a6: Popoli in lacrime, popoli in armi$91834476 997 $aUNINA